| 000 | 01100nmm a2200301 a 4500 | ||
|---|---|---|---|
| 001 | ocm000570911 | ||
| 003 | TR-IsHL | ||
| 005 | 20201028122139.0 | ||
| 008 | 110704s2010 tu tur | ||
| 007 | cr cn | ||
| 020 | _a9789756186527 | ||
| 035 |
_a570911 _b(N$T) |
||
| 050 | 0 | 4 |
_aCT1908 _b.G85 2010 |
| 090 | 0 | 4 |
_aCT1908 _b.G85 2010 |
| 100 | 1 | _aGülen, Tahsin | |
| 245 | 1 | 0 |
_aBen bir mübadilim: Mayadağ'dan Şarköy'e _h[electronic resource] / _cTahsin Gülen |
| 250 | _a1. bs. | ||
| 260 |
_aİstanbul : _bTürk Edebiyatı Vakfı Yayınları, _c2010 |
||
| 300 | _a352 p. | ||
| 650 | 4 | _aTarih | |
| 650 | 4 | _aHistory | |
| 650 | 0 |
_aNüfus transferleri _x Türklerin Tarihi _x 20. yüzyıl |
|
| 650 | 0 |
_aPopulation transfers $x Turks _x History $x 20th century |
|
| 650 | 0 |
_aTürkiye _x Göç ve göçmenlik _x Tarih _x 20. yüzyıl |
|
| 650 | 0 |
_aTurkey _x Emigration and immigration _x History _x 20th century |
|
| 650 | 7 |
_aSOCIAL SCIENCE / Emigration & Immigration _2bisacsh |
|
| 856 | 4 | 0 | _uhttp://search.ebscohost.com/login.aspx?direct=true&scope=site&db=e011xww&AN=570911 |
| 999 |
_c1713 _d1713 |
||